000 00243 a2200085 4500
020 _a978938686827
100 _aTracy B.
245 _aवेळ सांभाळा आयुष्य सावरेल
260 _bJaico Publishing House
_c2018
999 _c357243
_d357243